[Event "Warsaw YMCA Spring-A 272nd"]
[Site "Warsaw"]
[Date "2023.06.14"]
[Round "7"]
[White "Kasperski, Marcin"]
[Black "Kacprzak, Karol"]
[Result "0-1"]
[WhiteElo "1679"]
[BlackElo "1690"]
[PlyCount "70"]
[EventDate "2023.04.14"]
[EventType "tourn"]
[EventRounds "11"]
[EventCountry "POL"]
[SourceTitle "EXT 2024"]
[Source "ChessBase"]
[SourceDate "2023.10.10"]
[SourceVersion "1"]
[SourceVersionDate "2023.10.10"]
[SourceQuality "1"]

1. c4 e5 2. g3 Nc6 3. Bg2 Nf6 4. Nc3 Bb4 5. Nf3 Bxc3 6. dxc3 h6 7. 0-0 d6 8. Qc2 0-0 9. Rd1 Qe7 10. Nh4 Be6 11. Nf5 Qd7 12. Ne3 Bh3 13. Bf3 Rae8 14. Nd5 Nxd5 15. Bxd5 Ne7 16. Bxb7 c6 17. Ba6 f5 18. c5 f4 19. Rxd6 fxg3 20. Bc4+ Kh8 21. hxg3 Qg4 22. Be6 Qh5 23. Bxh3 Qxh3 24. e4 Rf3 25. Rd3 Ref8 26. Rxf3 Rxf3 27. Qe2 Qg4 28. Qe1 Ng6 29. Kf1 Qxg3 30. Ke2 Nf4+ 31. Bxf4 Qxf4 32. Kf1 Rh3 33. Ke2 Qxe4+ 34. Kd2 Rd3+ 35. Kc2 Re3+ 0-1

[Event "Warsaw YMCA Autumn-B 221st"]
[Site "Warsaw"]
[Date "2019.12.12"]
[Round "13"]
[White "Jarmolowski, Tadeusz"]
[Black "Kasperski, Marcin"]
[Result "1-0"]
[WhiteElo "1662"]
[BlackElo "1638"]
[PlyCount "83"]
[EventDate "2019.09.20"]
[EventType "tourn"]
[EventRounds "13"]
[EventCountry "POL"]
[SourceTitle "CBM 195 Extra"]
[Source "ChessBase"]
[SourceDate "2020.05.31"]
[SourceVersion "1"]
[SourceVersionDate "2020.05.31"]
[SourceQuality "1"]

1. e4 d6 2. d4 Nf6 3. Nc3 g6 4. f4 Bg7 5. Be3 Ng4 6. Qd2 0-0 7. Nf3 Nxe3 8. Qxe3 c6 9. Bc4 b5 10. Bb3 a5 11. a4 b4 12. Ne2 Ba6 13. 0-0 c5 14. Bd5 Ra7 15. dxc5 e6 16. Bb3 dxc5 17. Rad1 Rd7 18. c3 c4 19. Rxd7 Qxd7 20. Rd1 Qc7 21. Bc2 b3 22. Bb1 Qc6 23. e5 Qxa4 24. Ng3 Rc8 25. Ne4 Bf8 26. Nf6+ Kg7 27. Nd4 Be7 28. Qh3 Bxf6 29. exf6+ Kxf6 30. Qxh7 Qe8 31. Qh4+ Kg7 32. Re1 Qd8 33. Qg4 Nc6 34. Nxe6+ fxe6 35. Qxg6+ Kf8 36. Qh6+ Kf7 37. Qxe6+ Kg7 38. Qg6+ Kf8 39. Qh6+ Kf7 40. Bg6+ Kf6 41. Bh5+ Kf5 42. g4# 1-0

[Event "Warsaw YMCA Spring-B 214th"]
[Site "Warsaw"]
[Date "2019.04.18"]
[Round "2"]
[White "Sieczkowski, Adam"]
[Black "Kasperski, Marcin"]
[Result "1-0"]
[WhiteElo "1647"]
[BlackElo "1635"]
[PlyCount "105"]
[EventDate "2019.04.11"]
[EventType "tourn"]
[EventRounds "11"]
[EventCountry "POL"]
[SourceTitle "EXT 2020"]
[Source "ChessBase"]
[SourceDate "2019.10.17"]
[SourceVersion "1"]
[SourceVersionDate "2019.10.17"]
[SourceQuality "1"]

1. Nf3 c5 2. c4 Nc6 3. g3 g6 4. Bg2 Bg7 5. 0-0 e5 6. e3 Nge7 7. Nc3 0-0 8. b3 d6 9. Bb2 Bg4 10. h3 Bf5 11. d3 Qc8 12. Kh2 Nb4 13. Ne1 Rb8 14. Nb5 Rd8 15. Nxa7 Qd7 16. a3 Na6 17. Nb5 d5 18. Qe2 dxc4 19. dxc4 Bd3 20. Nxd3 Qxd3 21. Qxd3 Rxd3 22. Bc3 f5 23. Rfd1 e4 24. Rxd3 exd3 25. Rd1 Bxc3 26. Nxc3 Rd8 27. Nd5 Kf8 28. Rxd3 Rd6 29. Nf4 Rb6 30. Rd8+ Kf7 31. Rd7 Rxb3 32. Nd5 Rxa3 33. Rxe7+ Kf8 34. Rxb7 Ra2 35. Ra7 h6 36. Nc7 Nb4 37. Rxa2 Nxa2 38. Ne6+ Ke7 39. Nxc5 Nc3 40. Na6 Kd7 41. Bb7 g5 42. c5 Nb5 43. c6+ Kd6 44. Kg2 h5 45. c7 Nxc7 46. Nxc7 Kxc7 47. Bf3 h4 48. gxh4 gxh4 49. Bh5 Kd6 50. f4 Ke6 51. Kf3 Kf6 52. e4 fxe4+ 53. Kxe4 1-0

[Event "Warsaw YMCA Spring-B 214th"]
[Site "Warsaw"]
[Date "2019.04.11"]
[Round "1"]
[White "Kasperski, Marcin"]
[Black "Kalejta, Arkadiusz"]
[Result "1/2-1/2"]
[WhiteElo "1635"]
[BlackElo "1707"]
[PlyCount "98"]
[EventDate "2019.04.11"]
[EventType "tourn"]
[EventRounds "11"]
[EventCountry "POL"]
[SourceTitle "EXT 2020"]
[Source "ChessBase"]
[SourceDate "2019.10.17"]
[SourceVersion "1"]
[SourceVersionDate "2019.10.17"]
[SourceQuality "1"]

1. c4 c6 2. g3 Nf6 3. Bg2 d5 4. Nf3 dxc4 5. a4 Na6 6. Na3 Qd5 7. 0-0 g6 8. Qc2 Be6 9. Ne1 Qc5 10. d3 cxd3 11. Nxd3 Qxc2 12. Nxc2 Bg7 13. Ne3 0-0 14. Rb1 Bb3 15. a5 Rfd8 16. Bd2 Nd5 17. Rfc1 Rac8 18. Nc4 Kf8 19. Be1 e6 20. h4 Ne7 21. Nd2 Bd5 22. Bf1 e5 23. b4 e4 24. Nc5 Ba2 25. Nxa6 Bxb1 26. Rxb1 e3 27. fxe3 bxa6 28. Nb3 Nd5 29. e4 Nc3 30. Rc1 Nxe4 31. e3 f5 32. Bxa6 Rc7 33. b5 c5 34. b6 axb6 35. axb6 Rc6 36. Ba5 Rb8 37. Kg2 Be5 38. Bb5 Rcxb6 39. Bxb6 Rxb6 40. Bc4 Nd6 41. Bd5 c4 42. Nc5 Ke7 43. Bxc4 Nxc4 44. Rxc4 Rc6 45. Rc1 Bd6 46. Nd3 Rxc1 47. Nxc1 Ke6 48. Kf3 Bc7 49. Ne2 Bb8 1/2-1/2

[Event "Warsaw YMCA Autumn-B 206th"]
[Site "Warsaw"]
[Date "2018.11.28"]
[Round "10"]
[White "Szukalski, Antoni"]
[Black "Kasperski, Marcin"]
[Result "0-1"]
[WhiteElo "1759"]
[BlackElo "1726"]
[PlyCount "176"]
[EventDate "2018.09.20"]
[EventType "tourn"]
[EventRounds "11"]
[EventCountry "POL"]
[SourceTitle "EXT 2021"]
[Source "ChessBase"]
[SourceDate "2020.10.23"]
[SourceVersion "1"]
[SourceVersionDate "2020.10.23"]
[SourceQuality "1"]

1. d4 Nf6 2. c4 g6 3. Nc3 Bg7 4. Nf3 0-0 5. e4 d6 6. h3 Nbd7 7. Be3 c6 8. Be2 Qc7 9. 0-0 e5 10. d5 Nh5 11. Qd2 f5 12. exf5 gxf5 13. Bh6 Ndf6 14. Bxg7 Qxg7 15. Qg5 Rf7 16. Qxg7+ Rxg7 17. Kh2 Nf4 18. g3 Nxe2 19. Nxe2 cxd5 20. cxd5 Nxd5 21. Rfd1 Be6 22. Rd2 Rc8 23. Rad1 Rc5 24. a3 a5 25. Nh4 Rf7 26. Nf3 h6 27. Rc1 Rxc1 28. Nxc1 Rc7 29. Ne2 Rc6 30. Nfd4 exd4 31. Nxd4 Bd7 32. Nxc6 bxc6 33. Rd4 Kf7 34. Ra4 Ke6 35. Rxa5 c5 36. Ra8 h5 37. Rh8 Nf6 38. Kg1 Bb5 39. Rb8 Bc6 40. b3 Bd5 41. a4 Nd7 42. Re8+ Kf7 43. Re3 Ne5 44. Kf1 Nf3 45. a5 Nd2+ 46. Ke1 Nxb3 47. a6 Nd4 48. Rd3 Be4 49. a7 Nb5 50. Rd2 Nxa7 51. Rxd6 Nb5 52. Rb6 Nd4 53. Kd2 Ne6 54. Ke3 Bg2 55. h4 Kf6 56. f3 Bf1 57. Rb1 Bc4 58. Rc1 Bd5 59. Rd1 Ke5 60. Rg1 Nd4 61. Rc1 Kd6 62. f4 Bf3 63. Rc4 Bg4 64. Ra4 Kd5 65. Ra8 Ne2 66. Kf2 Kd4 67. Rd8+ Kc4 68. Rc8 Nc3 69. Ke3 Ne4 70. Ra8 Nxg3 71. Ra4+ Kb3 72. Ra7 Ne4 73. Rb7+ Kc3 74. Rc7 c4 75. Rxc4+ Kb3 76. Rxe4 fxe4 77. Kxe4 Kc4 78. f5 Kc5 79. Ke5 Kc6 80. Kf6 Kd7 81. Kg6 Ke8 82. Kf6 Kf8 83. Kg6 Ke7 84. f6+ Kf8 85. Kh6 Kf7 86. Kg5 Bd1 87. Kf5 Be2 88. Kg5 Bg4 0-1

[Event "Warsaw YMCA Autumn-B 191st"]
[Site "Warsaw"]
[Date "2017.10.05"]
[Round "3"]
[White "Szukalski, Antoni"]
[Black "Kasperski, Marcin"]
[Result "1/2-1/2"]
[WhiteElo "1769"]
[BlackElo "1723"]
[PlyCount "103"]
[EventDate "2017.09.19"]
[EventType "tourn"]
[EventRounds "13"]
[EventCountry "POL"]
[SourceTitle "EXT 2019"]
[Source "ChessBase"]
[SourceDate "2018.10.10"]
[SourceVersion "1"]
[SourceVersionDate "2018.10.10"]
[SourceQuality "1"]

1. d4 Nf6 2. Nf3 g6 3. Bf4 Bg7 4. e3 c5 5. dxc5 Qa5+ 6. Qd2 Qxc5 7. Nc3 0-0 8. Be2 d6 9. 0-0 Be6 10. Nd4 Bc4 11. Nb3 Qc8 12. Rab1 Bxe2 13. Qxe2 Nbd7 14. e4 Nc5 15. Nxc5 Qxc5 16. Be3 Qc6 17. f3 a6 18. Rfd1 Rfc8 19. Rd2 b5 20. Nd5 Nxd5 21. exd5 Qc4 22. Qxc4 Rxc4 23. c3 Bf6 24. Kf2 Rac8 25. a3 h5 26. g3 Kf8 27. Rbd1 Ke8 28. h4 Bg7 29. Bd4 Bxd4+ 30. Rxd4 Kd7 31. R4d3 a5 32. Re3 R8c7 33. Rde1 Kd8 34. Re4 Rxe4 35. Rxe4 Rc5 36. Rd4 Kd7 37. Ke3 e5 38. dxe6+ fxe6 39. Rf4 Ke7 40. Rd4 e5 41. Rd3 a4 42. f4 Ke6 43. Rd2 Rc4 44. fxe5 dxe5 45. Rd8 Rg4 46. Kf2 Rc4 47. Rb8 Rc5 48. Kf3 Kf5 49. Rf8+ Ke6 50. Rb8 Kf5 51. Rf8+ Ke6 52. Rb8 1/2-1/2

[Event "Warsaw YMCA Spring-A 183rd"]
[Site "Warsaw"]
[Date "2017.06.07"]
[Round "7"]
[White "Kasperski, Marcin"]
[Black "Moskwinski, Marek"]
[Result "1-0"]
[WhiteElo "1788"]
[BlackElo "1806"]
[PlyCount "115"]
[EventDate "2017.04.06"]
[EventType "tourn"]
[EventRounds "13"]
[EventCountry "POL"]
[SourceTitle "EXT 2018"]
[Source "ChessBase"]
[SourceDate "2017.10.13"]
[SourceVersion "1"]
[SourceVersionDate "2017.10.13"]
[SourceQuality "1"]

1. c4 e5 2. g3 f5 3. Bg2 Nf6 4. Nc3 Bb4 5. Nd5 Nxd5 6. Bxd5 e4 7. Qb3 Na6 8. c5 Qe7 9. a3 Bxc5 10. Qc3 c6 11. Ba2 d5 12. b4 Bb6 13. Bb2 0-0 14. b5 Nc5 15. bxc6 bxc6 16. Rb1 Bd7 17. Nh3 Na4 18. Qe5 Qxe5 19. Bxe5 Rfe8 20. Ba1 Rab8 21. Nf4 Bc5 22. Nh5 Rxb1+ 23. Bxb1 Bxa3 24. Bxg7 Rb8 25. 0-0 Be7 26. Be5 Rb5 27. Nf6+ Bxf6 28. Bxf6 Kf7 29. Bg5 Rb2 30. f3 Kg6 31. h4 Nb6 32. fxe4 dxe4 33. Rc1 h6 34. Be3 Nd5 35. Bxa7 Rxd2 36. Kf2 Kh5 37. Ke1 Rb2 38. Bd4 Rb3 39. Kf2 Kg4 40. Be5 Rb5 41. Bg7 h5 42. Ba2 f4 43. gxf4 e3+ 44. Kf1 Nxf4 45. Bc4 Rf5 46. Kg1 Nh3+ 47. Kh1 Kxh4 48. Bh6 Nf2+ 49. Kg2 Ng4 50. Rh1+ Nh2 51. Rxh2+ Kg4 52. Bxe3 c5 53. Kg1 Re5 54. Rg2+ Kh3 55. Bf2 Rf5 56. Rg3+ Kh4 57. Rd3+ Kg4 58. Rxd7 1-0

[Event "Warsaw YMCA Spring-A 183rd"]
[Site "Warsaw"]
[Date "2017.05.03"]
[Round "5"]
[White "Celinski, Kamil"]
[Black "Kasperski, Marcin"]
[Result "1-0"]
[WhiteElo "1762"]
[BlackElo "1788"]
[PlyCount "93"]
[EventDate "2017.04.06"]
[EventType "tourn"]
[EventRounds "13"]
[EventCountry "POL"]
[SourceTitle "EXT 2018"]
[Source "ChessBase"]
[SourceDate "2017.10.13"]
[SourceVersion "1"]
[SourceVersionDate "2017.10.13"]
[SourceQuality "1"]

1. d4 Nf6 2. Bf4 g6 3. Nf3 Bg7 4. e3 c5 5. c3 Qb6 6. Qb3 Qxb3 7. axb3 cxd4 8. exd4 0-0 9. Bxb8 Rxb8 10. Rxa7 b5 11. b4 Ne4 12. Nbd2 Nd6 13. Bd3 Bb7 14. 0-0 Rfc8 15. Re1 Bf6 16. Ne5 Rd8 17. Nb3 Nc8 18. Ra5 Bd5 19. Nc5 Nb6 20. Na6 Rb7 21. Ng4 Nc4 22. Nxf6+ exf6 23. Bxc4 Bxc4 24. Nc5 Rb6 25. Ra7 d6 26. Nd7 Rc6 27. Nxf6+ Kg7 28. Ng4 Rcc8 29. Ne3 Re8 30. Rd7 Re6 31. Ra1 Rce8 32. Raa7 Rf6 33. g4 d5 34. g5 Rf4 35. Kg2 Ree4 36. h3 Bb3 37. Kg3 Bc4 38. f3 Rxe3 39. Kxf4 Re2 40. Rxf7+ Kg8 41. Rg7+ Kf8 42. Rxh7 Kg8 43. Rae7 Kf8 44. Rxe2 Bxe2 45. Ke5 Bxf3 46. Kf6 Ke8 47. Kxg6 1-0

[Event "Warsaw YMCA Autumn-B 175th"]
[Site "Warsaw"]
[Date "2016.12.15"]
[Round "13"]
[White "Szukalski, Antoni"]
[Black "Kasperski, Marcin"]
[Result "1/2-1/2"]
[WhiteElo "1741"]
[BlackElo "1766"]
[PlyCount "111"]
[EventDate "2016.09.22"]
[EventType "tourn"]
[EventRounds "13"]
[EventCountry "POL"]
[SourceTitle "EXT 2019"]
[Source "ChessBase"]
[SourceDate "2018.10.10"]
[SourceVersion "1"]
[SourceVersionDate "2018.10.10"]
[SourceQuality "1"]

1. e4 c5 2. Nf3 Nc6 3. d4 cxd4 4. Nxd4 Nf6 5. Nc3 e5 6. Ndb5 d6 7. Nd5 Nxd5 8. exd5 Nb8 9. Be3 a6 10. Nc3 f5 11. f3 Be7 12. Qd2 0-0 13. Bd3 Nd7 14. 0-0 Nf6 15. Ne2 b5 16. c4 bxc4 17. Bxc4 Bb7 18. Nc3 Qa5 19. a3 Rac8 20. Ba2 Kh8 21. Rfd1 Qc7 22. Rac1 Qd7 23. b4 f4 24. Bf2 Qf5 25. Bb1 Qh5 26. Bd3 Nxd5 27. Nxd5 Bxd5 28. Bxa6 Rxc1 29. Rxc1 e4 30. fxe4 Bxe4 31. Rc8 Qg4 32. Rxf8+ Bxf8 33. Bf1 f3 34. Bg3 fxg2 35. Bxg2 Bxg2 36. Kxg2 Qe4+ 37. Kf2 d5 38. Qe3 Qc2+ 39. Kf3 Qd1+ 40. Kg2 Qc2+ 41. Qf2 Qe4+ 42. Qf3 Qc2+ 43. Kh3 Qc8+ 44. Qg4 Qa8 45. Qf3 Be7 46. Be5 Qc6 47. Qc3 Qe6+ 48. Kg2 Bf6 49. Bxf6 gxf6 50. a4 Qg4+ 51. Kf2 d4 52. Qd3 Qf4+ 53. Kg2 Qg4+ 54. Kf2 Qf4+ 55. Kg2 Qg4+ 56. Kf2 1/2-1/2

[Event "Warsaw YMCA Autumn-B 175th"]
[Site "Warsaw"]
[Date "2016.11.30"]
[Round "11"]
[White "Jaskowski, Piotr"]
[Black "Kasperski, Marcin"]
[Result "1-0"]
[WhiteElo "1871"]
[BlackElo "1766"]
[PlyCount "117"]
[EventDate "2016.09.22"]
[EventType "tourn"]
[EventRounds "13"]
[EventCountry "POL"]
[SourceTitle "EXT 2019"]
[Source "ChessBase"]
[SourceDate "2018.10.10"]
[SourceVersion "1"]
[SourceVersionDate "2018.10.10"]
[SourceQuality "1"]

1. e4 e6 2. Nf3 d5 3. Nc3 Nf6 4. e5 Nfd7 5. d4 a6 6. Bf4 Nc6 7. Bd3 Nb6 8. a3 Bd7 9. 0-0 h6 10. Be3 Nc4 11. Bc1 g5 12. b3 Nb6 13. Ne2 g4 14. Nd2 h5 15. c4 h4 16. c5 Nc8 17. f4 N8e7 18. b4 Nf5 19. Nb3 Bh6 20. Bd2 Nce7 21. a4 Rg8 22. b5 axb5 23. axb5 Rxa1 24. Qxa1 b6 25. Qa7 Kf8 26. Rc1 Kg7 27. cxb6 cxb6 28. Rc7 Be8 29. Qxb6 Kh8 30. Qb7 Rf8 31. Bb4 Ng6 32. Bxf8 Bxf8 33. Rc8 Qd7 34. Qxd7 Bxd7 35. Rd8 Bxb5 36. Bxb5 Kg7 37. Bd3 Nge7 38. Kf2 Nc6 39. Rc8 Nfe7 40. Ra8 Nb4 41. Bb1 Nec6 42. h3 gxh3 43. gxh3 Be7 44. f5 exf5 45. Bxf5 Bg5 46. Kf3 f6 47. e6 Ne7 48. Kg4 Nbc6 49. Nf4 Kh6 50. Ng2 Kg7 51. Bb1 Ng6 52. Bxg6 Kxg6 53. Nxh4+ Bxh4 54. Kxh4 f5 55. Rf8 Ne7 56. Rf7 Nc6 57. Rc7 Nb4 58. e7 Kf7 59. Kg5 1-0